00804 2200253 4500001002100000005001700021008004100038020001800079035002400097040001200121082001200133090001900145100002400164245011000188250001100298260003400309300002700343500007700370650002200447700002700469700002300496850001200519999001900531YOGYA-0209000000682220090227020941.0 ind  a979-9523-04-4 0010-020900000006822 aYOPDYOG a819.222 a819.222bYas S aYASADIPURA II, R.Ng aSerat sana sumcR.Ng. Yasadipura II ; alih bahasa : Jumeiri Siti Rumidjah ; penyunting Asia Padmo Puspito aCet. 1 aYogyakartabKepel Pressc2001 axxxiii, 205 hlmc21 cm aDiterbitkan bekerjasamadengan Yayasan Adikarya Ikapi dan Ford Foundation aKesusastraan Jawa aSiti Rumidjah, Jumieri aPadmopuspito, Asia aYOPDYOG a1729 - PD/P.04